Name That President! - Statistics

General Stats
  • This quiz has been taken 38 times
  • The average score is 11 of 12
Answer Stats
Picture Answer % Correct
Abraham Lincoln
100%
George Washington
100%
Barack Obama
97%
Joe Biden
97%
George W. Bush
94%
Ronald Reagan
94%
Theodore Roosevelt
94%
Thomas Jefferson
94%
Bill Clinton
91%
Franklin D. Roosevelt
88%
John Adams
74%
Herbert Hoover
62%
No matching quizzes found
Score Distribution
Percent of People with Each Score
Percentile by Number Answered
Your Score History
You have not taken this quiz